Cinderella / Walt Disney presents ; a Walt Disney production ; directors, Wilfred Jackson, Hamilton Luske, Clyde Geronimi.
Cinderella has faith her dreams of a better life will come true. With help from her loyal mice friends and a wave of her Fairy Godmother's wand, Cinderella's rags are magically turned into a glorious gown, and off she goes to the Royal Ball. But when the clock strikes midnight, the spell is broken, leaving only a single glass slipper, the only key to the ultimate fairy-tale ending!
Record details
- Physical Description: 1 videodisc (approximately 75 min.) : sound, color ; 4 3/4 in..
- Edition: Anniversary edition.
- Publisher: Burbank, CA : Disney, [2019]
Content descriptions
| General Note: | Title from container. Based on the fairy tale by Charles Perrault. Originally released as a motion picture in 1950. Full screen (1.33:1). Special features: 2 ways to watch: original theatrical version, In Walt's words: the envisioning of Cinderella; Try this trivia on for size; Diane Disney Miller Cinderella film introduction; From rags to riches: the making of Cinderella; The Cinderella that almost was; The magic of the glass slipper: a Cinderella story; The real Fairy Godmother; alternate opening sequence; storyboard to film comparison: opening sequence; Cinderella title song; From Walt's table: a tribute to the nine old men; The art of Mary Blair; Behind the magic: a new Disney princess Fantasyland; 1922 laugh-o-grams: Cinderella; excerpt from The Mickey Mouse Club: with Helen Stanley (original airdate: January 24, 1956); radio programs - original radio shows from the 1940s/50s; theatrical trailers. |
| Creation/Production Credits Note: | Story, William Peed, Erdman Penner, Ted Sears, Winston Hibler, Homer Brightman, Harry Reeves, Kenneth Anderson, Joe Rinaldi. Musical direction, Oliver Wallace, Paul Smith ; songs by Mack David, Jerry Livingston, Al Hoffman. |
| Participant or Performer Note: | Voices: Ilene Woods, Eleanor Audley, Verna Felton, Claire DuBrey, Rhoda Williams, James MacDonald, Helene Stanley, Luis Van Rooten, Don Barclay. |
| Target Audience Note: | MPAA rating: G. |
| System Details Note: | Blu-ray; regions A,B,C; 7.1 DTS-HDMA (English), 5.1 Dolby digital (Spanish, French); 1080p high definition; requires Blu-ray player. |
| Language Note: | English, French or Spanish dialogue; French or Spanish subtitles; subtitled for the deaf and hard of hearing (SDH). |
Search for related items by subject
| Genre: | Feature films. Animated films. Children's films. Fiction films. Video recordings for the hearing impaired. |
Search for related items by series
Available copies
- 1 of 1 copy available at scottsboropl.
Holds
- 0 current holds with 1 total copy.
Show Only Available Copies
| Location | Call Number / Copy Notes | Barcode | Shelving Location | Status | Due Date |
|---|---|---|---|---|---|
| scottsboropl | J DVD Cin | 32269001140022 | Juvenile - DVD | Available | - |
| LDR | 05935cgm a2201069Ii 4500 | ||
|---|---|---|---|
| 001 | 153049 | ||
| 003 | SBPL | ||
| 005 | 20200213074855.0 | ||
| 007 | vd csaizq | ||
| 008 | 190605s2019 cau075 j vaeng d | ||
| 024 | 1 | . | ‡a786936863543 ‡q(combo pack) |
| 028 | 4 | 2. | ‡a8052219 ‡bDisney ‡q(disc label) |
| 028 | 4 | 2. | ‡a154577 ‡bDisney ‡q(combo pack) |
| 035 | . | ‡a(CONS)153049 | |
| 035 | . | ‡a(CPomAG)LMN615242 | |
| 050 | 4. | ‡aPN1997 ‡b.C46 2019 | |
| 082 | 0 | 4. | ‡a791.43/72 ‡223 |
| 110 | 2 | . | ‡aWalt Disney Pictures, ‡epresenter, ‡eproduction company, ‡epublisher. |
| 245 | 0 | 0. | ‡aCinderella / ‡cWalt Disney presents ; a Walt Disney production ; directors, Wilfred Jackson, Hamilton Luske, Clyde Geronimi. |
| 250 | . | ‡aAnniversary edition. | |
| 250 | . | ‡a[English/Spanish/French version]. | |
| 257 | . | ‡aUnited States ‡2naf | |
| 264 | 1. | ‡aBurbank, CA : ‡bDisney, ‡c[2019] | |
| 300 | . | ‡a1 videodisc (approximately 75 min.) : ‡bsound, color ; ‡c4 3/4 in.. | |
| 336 | . | ‡atwo-dimensional moving image ‡btdi ‡2rdacontent | |
| 337 | . | ‡avideo ‡bv ‡2rdamedia | |
| 338 | . | ‡avideodisc ‡bvd ‡2rdacarrier | |
| 344 | . | ‡adigital ‡2rdatr | |
| 344 | . | ‡boptical ‡2rdarm | |
| 344 | . | ‡gsurround ‡2rdacpc | |
| 344 | . | ‡hDTS-HD Master Audio 7.1 ‡hDolby digital 5.1 | |
| 347 | . | ‡avideo file ‡2rdaft | |
| 347 | . | ‡bBlu-ray | |
| 347 | . | ‡eregion A ‡eregion B ‡eregion C ‡2rdare | |
| 380 | . | ‡aMotion pictures ‡2lcgft | |
| 490 | 1 | . | ‡aWalt Disney signature collection |
| 490 | 1 | . | ‡aDisney Blu-ray |
| 500 | . | ‡aTitle from container. | |
| 500 | . | ‡aBased on the fairy tale by Charles Perrault. | |
| 500 | . | ‡aOriginally released as a motion picture in 1950. | |
| 500 | . | ‡aFull screen (1.33:1). | |
| 500 | . | ‡aSpecial features: 2 ways to watch: original theatrical version, In Walt's words: the envisioning of Cinderella; Try this trivia on for size; Diane Disney Miller Cinderella film introduction; From rags to riches: the making of Cinderella; The Cinderella that almost was; The magic of the glass slipper: a Cinderella story; The real Fairy Godmother; alternate opening sequence; storyboard to film comparison: opening sequence; Cinderella title song; From Walt's table: a tribute to the nine old men; The art of Mary Blair; Behind the magic: a new Disney princess Fantasyland; 1922 laugh-o-grams: Cinderella; excerpt from The Mickey Mouse Club: with Helen Stanley (original airdate: January 24, 1956); radio programs - original radio shows from the 1940s/50s; theatrical trailers. | |
| 508 | . | ‡aStory, William Peed, Erdman Penner, Ted Sears, Winston Hibler, Homer Brightman, Harry Reeves, Kenneth Anderson, Joe Rinaldi. | |
| 508 | . | ‡aMusical direction, Oliver Wallace, Paul Smith ; songs by Mack David, Jerry Livingston, Al Hoffman. | |
| 511 | 0 | . | ‡aVoices: Ilene Woods, Eleanor Audley, Verna Felton, Claire DuBrey, Rhoda Williams, James MacDonald, Helene Stanley, Luis Van Rooten, Don Barclay. |
| 520 | . | ‡aCinderella has faith her dreams of a better life will come true. With help from her loyal mice friends and a wave of her Fairy Godmother's wand, Cinderella's rags are magically turned into a glorious gown, and off she goes to the Royal Ball. But when the clock strikes midnight, the spell is broken, leaving only a single glass slipper, the only key to the ultimate fairy-tale ending! | |
| 521 | 8 | . | ‡aMPAA rating: G. |
| 538 | . | ‡aBlu-ray; regions A,B,C; 7.1 DTS-HDMA (English), 5.1 Dolby digital (Spanish, French); 1080p high definition; requires Blu-ray player. | |
| 546 | . | ‡aEnglish, French or Spanish dialogue; French or Spanish subtitles; subtitled for the deaf and hard of hearing (SDH). | |
| 600 | 0 | 0. | ‡aCinderella ‡c(Legendary character) ‡vJuvenile films. |
| 600 | 0 | 1. | ‡aCinderella ‡c(Legendary character) ‡vDrama. |
| 650 | 0. | ‡aStepmothers ‡vJuvenile films. | |
| 650 | 0. | ‡aStepsisters ‡vJuvenile films. | |
| 650 | 0. | ‡aPrinces ‡vJuvenile films. | |
| 650 | 0. | ‡aFairy godmothers ‡vJuvenile films. | |
| 655 | 7. | ‡aFeature films. ‡2lcgft | |
| 655 | 7. | ‡aAnimated films. ‡2lcgft | |
| 655 | 7. | ‡aChildren's films. ‡2lcgft | |
| 655 | 7. | ‡aFiction films. ‡2lcgft | |
| 655 | 7. | ‡aVideo recordings for the hearing impaired. ‡2lcgft | |
| 700 | 1 | . | ‡aDisney, Walt, ‡d1901-1966, ‡efilm producer. |
| 700 | 1 | . | ‡aPeet, Bill, ‡escreenwriter. |
| 700 | 1 | . | ‡aPenner, Erdman, ‡escreenwriter. |
| 700 | 1 | . | ‡aSears, Ted, ‡escreenwriter. |
| 700 | 1 | . | ‡aHibler, Winston, ‡escreenwriter. |
| 700 | 1 | . | ‡aBrightman, Homer, ‡escreenwriter. |
| 700 | 1 | . | ‡aReeves, Harry, ‡escreenwriter. |
| 700 | 1 | . | ‡aAnderson, Ken, ‡d1909-1993, ‡escreenwriter. |
| 700 | 1 | . | ‡aRinaldi, Joe, ‡d1914-1974, ‡escreenwriter. |
| 700 | 1 | . | ‡aJackson, Wilfred, ‡efilm director. |
| 700 | 1 | . | ‡aLuske, Hamilton S., ‡efilm director. |
| 700 | 1 | . | ‡aGeronimi, Clyde, ‡efilm director. |
| 700 | 1 | . | ‡aWoods, Ilene, ‡evoice actor. |
| 700 | 1 | . | ‡aAudley, Eleanor, ‡evoice actor. |
| 700 | 1 | . | ‡aFelton, Verna, ‡d1890-1966, ‡evoice actor. |
| 700 | 1 | . | ‡aDu Brey, Claire, ‡evoice actor. |
| 700 | 1 | . | ‡aWilliams, Rhoda, ‡evoice actor. |
| 700 | 1 | . | ‡aMacDonald, James, ‡d1906-1991, ‡evoice actor. |
| 700 | 1 | . | ‡aStanley, Helene, ‡d1929-1990, ‡evoice actor. |
| 700 | 1 | . | ‡aVan Rooten, Luis d'Antin, ‡evoice actor. |
| 700 | 1 | . | ‡aBarclay, Don, ‡d1892-1975, ‡evoice actor. |
| 700 | 1 | . | ‡iMotion picture adaptation of (work): ‡aPerrault, Charles, ‡d1628-1703. ‡tCendrillon. |
| 710 | 2 | . | ‡aWalt Disney Pictures, ‡epresenter, ‡eproduction company, ‡epublisher. |
| 710 | 2 | . | ‡aBuena Vista Home Entertainment (Firm), ‡efilm distributor. |
| 730 | 0 | 2. | ‡iContainer of (work): ‡aCinderella (Motion picture : 1950) |
| 730 | 0 | 2. | ‡iContainer of (expression): ‡aCinderella (Motion picture : 1950). ‡lFrench. |
| 730 | 0 | 2. | ‡iContainer of (expression): ‡aCinderella (Motion picture : 1950). ‡lSpanish. |
| 830 | 0. | ‡aWalt Disney signature collection. | |
| 830 | 0. | ‡aDisney Blu-ray. | |
| 901 | . | ‡a153049 ‡bUnknown ‡c153049 ‡tbiblio | |